000
00313nam a22001457a 4500
008
230907b ||||| |||| 00| 0 eng d
020
_a
9780813516660
041
_a
eng
080
_a
902
082
_a
902GOH
100
_a
20
101
_a
ARKGJE
245
_a
A HISTORY OF GEOLOGY
_c
GOHAU.G
942
_2
udc
_c
BK
999
_c
60274
_d
60274